Normal view
MARC view
Entry Topical Term
001 - CONTROL NUMBER
- control field: 264033
003 - CONTROL NUMBER IDENTIFIER
- control field: OSt
005 - DATE AND TIME OF LATEST TRANSACTION
- control field: 20260518105911.0
008 - FIXED-LENGTH DATA ELEMENTS
- fixed length control field: 260518|| aca||aabn | a|a d
040 ## - CATALOGING SOURCE
- Original cataloging agency: OSt
- Transcribing agency: OSt
150 ## - HEADING--TOPICAL TERM
- Topical term or geographic name entry element: Konkani Language
670 ## - SOURCE DATA FOUND
- Source citation: Work cat.: (OSt)98644: MINEZ (Vinnifred). ಮಿನೆಜ್ (ವಿನ್ನಿಫ್ರೆಡ್) 264032, Jatfat englaz shikap., 1980